Využitie programu DEFORM pre analýzu sústruženia
Saved in:
| Main Author: | |
|---|---|
| Other Authors: | |
| Format: | Manuscript Book |
| Language: | Slovak |
| Published: |
2015
|
| Subjects: | |
| Online Access: | http://is.stuba.sk/zp/portal_zp.pl?podrobnosti=87829 |
| Tags: |
No Tags, Be the first to tag this record!
|
MARC
| LEADER | 00000ntm a22000003a 4500 | ||
|---|---|---|---|
| 001 | stuzp51087 | ||
| 003 | SK-STU | ||
| 005 | 20160719153742.1 | ||
| 007 | ta | ||
| 008 | 150427s2015----xo-----f-mn---000-0-slo-d | ||
| 040 | |a STU |b slo | ||
| 041 | 0 | |a slo | |
| 100 | 1 | |a Chalúpek, Jakub |u 063000 |4 aut |U MTF Materiálovotechnologická fakulta |T MTF Ústav výrobných technológií |X 46039 |U M3000 |Y 83 |7 46039 | |
| 242 | 0 | 1 | |a Using software DEFORM for analysis turning |y eng |
| 245 | 1 | 0 | |a Využitie programu DEFORM pre analýzu sústruženia |
| 260 | |c 2015 | ||
| 650 | 4 | |a MKP |2 slo | |
| 650 | 4 | |a simulácia |2 slo | |
| 650 | 4 | |a DEFORM |2 slo | |
| 650 | 4 | |a simulation |2 eng | |
| 650 | 4 | |a DEFORM |2 eng | |
| 650 | 4 | |a FEM |2 eng | |
| 700 | 1 | |a Necpal, Martin |4 ths |X 20985 |7 A000020985 | |
| 856 | 4 | |u http://is.stuba.sk/zp/portal_zp.pl?podrobnosti=87829 | |
| 996 | |c M* BP-7414 |l MMSKP |s P |a 0 |w stuzp51087_0001 | ||
| SQL | |a stuzp51087 |b DBP |c SLO |d Využitie programu DEFORM pre analýzu sústruženia |e 46039 |f Chalúpek, Jakub |g 063000 |h 20985 |i Necpal, Martin |j 20150624 |k 174 |l 06 |m http://is.stuba.sk/zp/portal_zp.pl?podrobnosti=87829 |n B-PPT |o 5.2.51. výrobné technológie | ||